LIBRARY & INFORMATION CENTRE, KCAET, TAVANUR

ONLINE PUBLIC ACCESS CATALOGUE (OPAC)

Concise practical surveying / (Record no. 9373)

MARC details
000 -LEADER
fixed length control field 00422cam a2200169ua 4500
003 - CONTROL NUMBER IDENTIFIER
control field OSt
008 - FIXED-LENGTH DATA ELEMENTS--GENERAL INFORMATION
fixed length control field 250506b |||||||| |||| 00| 0 eng d
041 ## - LANGUAGE CODE
Language code of text/sound track or separate title eng
082 ## - DEWEY DECIMAL CLASSIFICATION NUMBER
Classification number 624.1517
Item number CUR/CO
100 ## - MAIN ENTRY--AUTHOR NAME
Personal name Cuttin, W G .
245 ## - TITLE STATEMENT
Title Concise practical surveying /
250 ## - EDITION STATEMENT
Edition statement 1 /
260 ## - PUBLICATION, DISTRIBUTION, ETC. (IMPRINT)
Place of publication London :
Name of publisher English Universities Press ,
Year of publication 1961.
300 ## - PHYSICAL DESCRIPTION
Number of Pages 174 ; .
700 1# - ADDED ENTRY--PERSONAL NAME
Personal name Lone, R F .
942 ## - ADDED ENTRY ELEMENTS (KOHA)
Koha item type Books
Holdings
Withdrawn status Lost status Damaged status Home library Current library Date acquired Full call number Accession Number Koha item type
      KAUAET KAUAET 07/04/2012 624.1517 CUR/CO 3783 Books
free website counter